Tri thức dân gian liên quan đến rừng của người Phù Lá ở Lào Cai : Văn hóa dân gian

Khái quát chung về tên gọi, dân số, địa bàn cư trú, kinh tế - xã hội người Phú Lá ở Lài Cai. Thực trạng về rừng của người Phù Lá. Tri thức bản địa liên quan đến rừng, trong việc khai thác đất rừng và tín ngưỡng rừng...

全面介绍

Đã lưu trong:
书目详细资料
主要作者: Bùi, Duy Chiến
格式: 图书
语言:Undetermined
出版: Hà Nội Hội nhà văn 2018
主题:
标签: 添加标签
没有标签, 成为第一个标记此记录!
Thư viện lưu trữ: Trung tâm Học liệu Trường Đại học Cần Thơ
LEADER 01015nam a2200217Ia 4500
001 CTU_232909
008 210402s9999 xx 000 0 und d
082 |a 398.09597 
082 |b Ch305 
100 |a Bùi, Duy Chiến 
245 0 |a Tri thức dân gian liên quan đến rừng của người Phù Lá ở Lào Cai : 
245 0 |b Văn hóa dân gian 
245 0 |c Bùi Duy Chiến 
260 |a Hà Nội 
260 |b Hội nhà văn 
260 |c 2018 
520 |a Khái quát chung về tên gọi, dân số, địa bàn cư trú, kinh tế - xã hội người Phú Lá ở Lài Cai. Thực trạng về rừng của người Phù Lá. Tri thức bản địa liên quan đến rừng, trong việc khai thác đất rừng và tín ngưỡng rừng 
650 |a Văn hóa dân gian,Folklore 
650 |z Việt Nam,Vietnam 
910 |b nthai 
980 |a Trung tâm Học liệu Trường Đại học Cần Thơ